| 000 | 00441nam a2200145 i 4500 | ||
|---|---|---|---|
| 001 | 77115 | ||
| 003 | ES-MaACL | ||
| 007 | t| | ||
| 008 | 041006s1975 sp ||||1| spa d | ||
| 100 | 1 |
_aGuzmán, Miguel de. _961300 |
|
| 245 | 1 | 0 |
_aEcuaciones diferenciales ordinarias _b: teoría de estabilidad y control / _cM. de Guzmán. |
| 260 |
_a[Madrid] : _bAlhambra, _c[1975] |
||
| 300 |
_aX, 300 p. ; _c24 cm. |
||
| 852 |
_aES-MaACL _jE-8827 _bR.93083 |
||
| 999 |
_c77115 _d77115 |
||